Normal view
MARC view
Entry Personal Name
001 - CONTROL NUMBER
- control field: 1238170
003 - CONTROL NUMBER IDENTIFIER
- control field: OSt
005 - DATE AND TIME OF LATEST TRANSACTION
- control field: 20260430150654.0
008 - FIXED-LENGTH DATA ELEMENTS
- fixed length control field: 260430|| aca||aabn | a|a d
040 ## - CATALOGING SOURCE
- Original cataloging agency: OSt
- Transcribing agency: OSt
100 ## - HEADING--PERSONAL NAME
- Personal name: University of Delhi. Faculty of Music and Fine Arts. Deptt. of Music
670 ## - SOURCE DATA FOUND
- Source citation: Work cat.: (OSt)1850355: Sharma Kongbrailatpam Tamashwor Au.; Dey Ananya Kumar Gu. 1238169, Basak Songs og Manipuri Nat Sankirtan: An In-Depth Study, 2024
